Normal view MARC view

Entry Personal Name

Number of records used in: 1

001 - CONTROL NUMBER

  • control field: 59423

003 - CONTROL NUMBER IDENTIFIER

  • control field: OSt

005 - DATE AND TIME OF LATEST TRANSACTION

  • control field: 20260223144659.0

008 - FIXED-LENGTH DATA ELEMENTS

  • fixed length control field: 260223|| aca||aabn | a|a d

040 ## - CATALOGING SOURCE

  • Original cataloging agency: OSt
  • Transcribing agency: OSt

100 ## - HEADING--PERSONAL NAME

  • Personal name: Moffett-Bateau, Alex J.

670 ## - SOURCE DATA FOUND

  • Source citation: Work cat.: (OSt)528048: Moffett-Bateau, Alex J. , “I can’t vote if i don’t leave my apartment”: The problem of neighborhood violence and its impact on the political behavior of black American women living below the poverty line

Powered by Koha